Normal view
MARC view
Entry Personal Name
001 - CONTROL NUMBER
- control field: 117060
003 - CONTROL NUMBER IDENTIFIER
- control field: OSt
005 - DATE AND TIME OF LATEST TRANSACTION
- control field: 20220918210101.0
008 - FIXED-LENGTH DATA ELEMENTS
- fixed length control field: 220918|| aca||aabn | a|a d
040 ## - CATALOGING SOURCE
- Original cataloging agency: OSt
- Transcribing agency: OSt
100 ## - HEADING--PERSONAL NAME
- Personal name: Parmet Herbert S
670 ## - SOURCE DATA FOUND
- Source citation: Work cat.: (OSt)242372: Parmet Herbert S, Eisenhower and the American crusades, 1972
